| 000 | 00611nam a2200181Ia 4500 | ||
|---|---|---|---|
| 008 | 090123s9999 xx 000 0 und d | ||
| 082 | _b36600 | ||
| 100 | _aदाभोळकर नरेंद्र | ||
| 245 | _aठरलं...डोळस व्हायचंच | ||
| 250 | _a1 | ||
| 260 |
_bछाया _c2004 |
||
| 300 | _a107 | ||
| 600 | _aदाभोळकर नरेंद्र | ||
| 630 | _aठरलं...डोळस व्हायचंच | ||
| 700 | _aदाभोळकर नरेंद्र | ||
| 730 | _aठरलं...डोळस व्हायचंच | ||
| 942 | _cBOOK | ||
| 999 |
_c74668 _d74668 |
||